000 00558nam a2200205 a 4500
005 20240803063715.0
008 030313s2000 mx r 000 0 spa d
020 _a8470436309
035 _aUPN01000122902
049 _aCG
050 4 _aPN980
_bF7.3 2000
100 1 _aFrancia Hernández, Alfonso,
_d1937-
245 1 0 _aEducar con fábulas /
_cAlfonso Francia Hernández.
250 _a6a ed.
260 _aMadrid :
_bCCS,
_c2000.
300 _a108 p. :
_bil.
440 0 _aMateriales para educadores ;
_v2
650 4 _aFábulas
_98251
905 _aLibro
999 _c95085
_d95085